Self-Representation in an Expanded Field (Record no. 20200)
[ view plain ]
| 000 -LEADER | |
|---|---|
| fixed length control field | 00641nam a2200121Ia 4500 |
| 008 - FIXED-LENGTH DATA ELEMENTS--GENERAL INFORMATION | |
| fixed length control field | 220616s9999||||xx |||||||||||||| ||und|| |
| 245 #0 - TITLE STATEMENT | |
| Title | Self-Representation in an Expanded Field |
| Remainder of title | From Self-Portraiture to Selfie, Contemporary Art in the Social Media Age |
| 546 ## - LANGUAGE NOTE | |
| Language note | English[eng] |
| 650 ## - SUBJECT ADDED ENTRY--TOPICAL TERM | |
| Topical term or geographic name entry element | Selfies||self-portraiture||social media||art history||representation||photography||contemporary art||Intersectionality||intersectional approaches||identity||aesthetics||contemporary life||consumer culture||avant-guard |
| 700 ## - ADDED ENTRY--PERSONAL NAME | |
| Personal name | Lehner, Ace |
| 856 ## - ELECTRONIC LOCATION AND ACCESS | |
| Uniform Resource Identifier | <a href="https://library.oapen.org/bitstream/20.500.12657/49693/1/9783038975649.pdf">https://library.oapen.org/bitstream/20.500.12657/49693/1/9783038975649.pdf</a> |
| 942 ## - ADDED ENTRY ELEMENTS (KOHA) | |
| Koha item type | E-Books |
| Withdrawn status | Lost status | Damaged status | Not for loan | Home library | Current library | Date acquired | Total Checkouts | Date last seen | Price effective from | Koha item type |
|---|---|---|---|---|---|---|---|---|---|---|
| Kerala University of Digital Sciences, Innovation and Technology Knowledge Centre | Kerala University of Digital Sciences, Innovation and Technology Knowledge Centre | 16/06/2022 | 16/06/2022 | 16/06/2022 | E-Books |